Statistiques concernant Pays par indices boursiers

Cliquez ici pour prendre le quiz!

Statistiques générales

  • Ce quiz a été pris 70 fois
  • Le résultat moyen est 5 sur 10

Statistiques - réponses

Indice boursierPays% Correct
Cac 40France
100%
Dow JonesEtats-Unis
89%
Nikkei 225Japon
86%
DAXAllemagne
48%
Ibex35Espagne
42%
SSE CompositeChine
34%
incide BovespaBrésil
27%
MICEXRussie
25%
AEXPays-Bas
13%
TA-25Israël
8%

Distribution des résultats

Percentile par nombre de réponses

% des personnes avec chaque résultat

Votre développement - résultats

Vous n’avez pas pris ce quiz